<?xml version="1.0" encoding="UTF-8"?>
<record
    xmlns:xsi="http://www.w3.org/2001/XMLSchema-instance"
    xsi:schemaLocation="http://www.loc.gov/MARC21/slim http://www.loc.gov/standards/marcxml/schema/MARC21slim.xsd"
    xmlns="http://www.loc.gov/MARC21/slim">

  <leader>01295cam a22002414a 4500</leader>
  <controlfield tag="001">11945592</controlfield>
  <controlfield tag="005">20210414113858.0</controlfield>
  <controlfield tag="008">000317s2001    txua          001 0 eng  </controlfield>
  <datafield tag="020" ind1=" " ind2=" ">
    <subfield code="a">0030259517 (hard cover)</subfield>
  </datafield>
  <datafield tag="040" ind1=" " ind2=" ">
    <subfield code="a">DLC</subfield>
    <subfield code="c">DLC</subfield>
    <subfield code="d">DLC</subfield>
  </datafield>
  <datafield tag="050" ind1="0" ind2="0">
    <subfield code="a">HB171.5.M264</subfield>
    <subfield code="b"> </subfield>
  </datafield>
  <datafield tag="100" ind1="1" ind2=" ">
    <subfield code="a">Mankiw, N. Gregory.</subfield>
  </datafield>
  <datafield tag="245" ind1="1" ind2="0">
    <subfield code="a">Principles of economics /</subfield>
    <subfield code="c">N. Gregory Mankiw.</subfield>
  </datafield>
  <datafield tag="250" ind1=" " ind2=" ">
    <subfield code="a">2nd ed.</subfield>
  </datafield>
  <datafield tag="260" ind1=" " ind2=" ">
    <subfield code="a">Fort Worth, TX :</subfield>
    <subfield code="b">Harcourt College Publishers,</subfield>
    <subfield code="c">c2001.</subfield>
  </datafield>
  <datafield tag="300" ind1=" " ind2=" ">
    <subfield code="a">xlviii, 837 p. :</subfield>
    <subfield code="b">ill. (some col.) ;</subfield>
    <subfield code="c">27 cm.</subfield>
  </datafield>
  <datafield tag="500" ind1=" " ind2=" ">
    <subfield code="a">Includes index.</subfield>
  </datafield>
  <datafield tag="505" ind1=" " ind2=" ">
    <subfield code="a">Contents: Introduction -- Supply and demand 1: How markets work -- Supply and demand 2: Markets and welfare -- The Economics of the public sector -- Firm behaviour and the organization of industry -- The Economics of labor markets -- Advanced topic -- The Data of macroeconomics -- The Real economy in the long run -- Money and prices in the long run -- The Macroeconomics of open economies -- Short-run economic fluctuations -- Final thought.</subfield>
  </datafield>
  <datafield tag="650" ind1=" " ind2="0">
    <subfield code="a">Economics.</subfield>
  </datafield>
  <datafield tag="942" ind1=" " ind2=" ">
    <subfield code="2">lcc</subfield>
    <subfield code="c">BK</subfield>
  </datafield>
  <datafield tag="999" ind1=" " ind2=" ">
    <subfield code="c">285</subfield>
    <subfield code="d">7785</subfield>
  </datafield>
  <datafield tag="952" ind1=" " ind2=" ">
    <subfield code="0">0</subfield>
    <subfield code="1">0</subfield>
    <subfield code="2">lcc</subfield>
    <subfield code="4">0</subfield>
    <subfield code="7">0</subfield>
    <subfield code="a">WIUC-1</subfield>
    <subfield code="b">WIUC-1</subfield>
    <subfield code="c">GEN</subfield>
    <subfield code="d">2011-11-23</subfield>
    <subfield code="l">0</subfield>
    <subfield code="o">HB171.5.M264</subfield>
    <subfield code="p">790/11</subfield>
    <subfield code="r">2011-11-23 00:00:00</subfield>
    <subfield code="t">1</subfield>
    <subfield code="w">2011-11-23</subfield>
    <subfield code="y">BK</subfield>
  </datafield>
  <datafield tag="952" ind1=" " ind2=" ">
    <subfield code="0">0</subfield>
    <subfield code="1">0</subfield>
    <subfield code="2">lcc</subfield>
    <subfield code="4">0</subfield>
    <subfield code="7">0</subfield>
    <subfield code="a">WIUC-1</subfield>
    <subfield code="b">WIUC-1</subfield>
    <subfield code="c">GEN</subfield>
    <subfield code="d">2011-11-23</subfield>
    <subfield code="l">0</subfield>
    <subfield code="o">HB171.5.M2641</subfield>
    <subfield code="p">791/11</subfield>
    <subfield code="r">2011-11-23 00:00:00</subfield>
    <subfield code="t">2</subfield>
    <subfield code="w">2011-11-23</subfield>
    <subfield code="y">BK</subfield>
  </datafield>
  <datafield tag="952" ind1=" " ind2=" ">
    <subfield code="0">0</subfield>
    <subfield code="1">0</subfield>
    <subfield code="2">lcc</subfield>
    <subfield code="4">0</subfield>
    <subfield code="7">0</subfield>
    <subfield code="a">WIUC-1</subfield>
    <subfield code="b">WIUC-1</subfield>
    <subfield code="c">GEN</subfield>
    <subfield code="d">2011-11-23</subfield>
    <subfield code="l">0</subfield>
    <subfield code="o">HB171.5.M2642</subfield>
    <subfield code="p">792/11</subfield>
    <subfield code="r">2011-11-23 00:00:00</subfield>
    <subfield code="t">3</subfield>
    <subfield code="w">2011-11-23</subfield>
    <subfield code="y">BK</subfield>
  </datafield>
</record>
